000 00920nam0a22002651 4500
001 RU\NLR\INFOCOMM4\ROSSICA\1000409812
005 20250613190124.0
035 _a(NLR Aleph) 009903067
090 _a10581019
_c10581019
100 _a20030630d1869 |||y0rusy50 ca
101 0 _alat
102 _aRU
105 _ay ||||000ay
200 1 _aViro excellentissimo Ed. de Eichwald diei, quo ante hos quinquaginta annos Doctor medicinae creatus fuit, memoriam recolenti d. 18. m. Maji 1869. gratulatur
_ePièce de vers
_fChristophe Fr. Walther
210 _aPetropoli
_d1869
215 _d
600 1 _aEichwald
_bE.K.
_gEduard Karlovič
_cрус. естествоиспытатель
_f1795-1876
_2PSBO
700 1 _aWalther
_bCh.F.
_gChristophe Fr.
_4070
801 1 _aRU
_bInfoComm
_c20030630
801 0 _aRU
_bNLR
_gPSBO
852 _aNLR
_j13.21.3.497
942 _cBOOK
980 _aNB
980 _aRossica